| 000 | 01237cam a2200301 i 4500 | ||
|---|---|---|---|
| 003 | IT-RoINE | ||
| 005 | 20200727102613.0 | ||
| 008 | 110505s2011 sp a |r|||| 001 0bspa d | ||
| 020 | _a9788493822132 | ||
| 040 |
_aSpMaBN _bspa _cIT-RoINE _erdc _dIT-RoINE |
||
| 100 | 1 |
_97493 _aCaro Baroja, Julio, _d1914-1995 |
|
| 245 | 1 | 0 |
_aSemblanza de Pío Baroja : _bcon un epistolario inédito de la familia Baroja durante la Guerra Civil española / _cJulio Caro Baroja ; introducción de Pío Caro Baroja ; edición de Jesús Alfonso Blázquez González. |
| 250 | _a1ª ed. en Ediciones 98. | ||
| 260 |
_aAlcobendas, Madrid : _bEdiciones 98, _c2011. |
||
| 300 |
_a144 p. : _bil. ; _c21 cm. |
||
| 336 |
_2rdacontent _atext |
||
| 337 |
_2rdamedia _aunmediated |
||
| 338 |
_2rdacarrier _avolume |
||
| 500 | _aIncluye índice. | ||
| 600 | 3 | 4 |
_97497 _aBaroja (Familia) |
| 600 | 1 | 0 |
_97167 _aBaroja, Pío, _d1872-1956 |
| 600 | 1 | 4 |
_aBaroja, Pío, _d1872-1956 _vCorrespondencia _937188 |
| 600 | 1 | 4 |
_aCaro Baroja, Julio, _d1914-1995 _vCorrespondencia _968615 |
| 651 | 4 |
_aEspaña _xHistoria _y1936-1939 (Guerra civil) _xFuentes _97494 |
|
| 700 | 1 |
_aBlázquez González, Jesús Alfonso, _d1962- _97495 |
|
| 700 | 1 |
_97167 _aBaroja, Pío, _d1872-1956 |
|
| 942 | _cMTS | ||
| 999 |
_c3635 _d3635 |
||